US State Quiz 1 - Statistics

General Stats
  • This quiz has been taken 36 times
  • The average score is 4 of 5
Answer Stats
Question Answer % Correct
What is the largest state? Alaska
100%
What is the most populated state? California
100%
Which state is part of New England? New Hampshire
100%
What state is the most densely populated? New Jersey
83%
Which state borders Tennessee? Missouri
50%
No matching quizzes found
Score Distribution
Percent of People with Each Score
Percentile by Number Answered
Your Score History
You have not taken this quiz